Guidance notes on professional ethics (Record no. 100275)
[ view plain ]
| 000 -LEADER | |
|---|---|
| fixed length control field | 00552cam a22001695a 4500 |
| 001 - CONTROL NUMBER | |
| control field | J104689 |
| 008 - FIXED-LENGTH DATA ELEMENTS--GENERAL INFORMATION | |
| fixed length control field | 000823s2000 xxk f 000 0 eng d |
| 035 ## - SYSTEM CONTROL NUMBER | |
| System control number | (Sirsi) u104689 |
| 050 ## - LIBRARY OF CONGRESS CALL NUMBER | |
| Classification number | 333.33062 $2 18 |
| 110 2# - MAIN ENTRY--CORPORATE NAME | |
| Corporate name or jurisdiction name as entry element | Royal Institution of Chartered Surveyors |
| Subordinate unit | Professional Ethics Working Party |
| 9 (RLIN) | 5333 |
| 245 00 - TITLE STATEMENT | |
| Title | Guidance notes on professional ethics |
| 260 ## - PUBLICATION, DISTRIBUTION, ETC. | |
| Place of publication, distribution, etc. | London |
| Name of publisher, distributor, etc. | RICS |
| Date of publication, distribution, etc. | 2000 |
| 300 ## - PHYSICAL DESCRIPTION | |
| Extent | 10p. |
| Dimensions | 30cm. |
| 651 #4 - SUBJECT ADDED ENTRY--GEOGRAPHIC NAME | |
| Geographic name | United Kingdom |
| 690 ## - LOCAL SUBJECT ADDED ENTRY--TOPICAL TERM (OCLC, RLIN) | |
| Topical term or geographic name as entry element | MANAGEMENT-BUSINESS MANAGEMENT-PROFESSIONAL PRACTICE-PROFESSIONAL ETHICS |
| 942 ## - ADDED ENTRY ELEMENTS (KOHA) | |
| Suppress in OPAC | 0 |
| Source of classification or shelving scheme | Dewey Decimal Classification |
| Withdrawn status | Lost status | Source of classification or shelving scheme | Damaged status | Not for loan | Home library | Current library | Shelving location | Date acquired | Total Checkouts | Full call number | Barcode | Date last seen | Copy number | Price effective from | Koha item type | Date last checked out |
|---|---|---|---|---|---|---|---|---|---|---|---|---|---|---|---|---|
| Dewey Decimal Classification | London | London | RICS Boxes | 08/03/2000 | RICS 2000/16 | 30060730 | 06/08/2019 | 1 | 06/08/2019 | Archive | ||||||
| Dewey Decimal Classification | London | London | RICS Boxes | 08/03/2000 | 17 | RICS 2000/16 | 30060733 | 06/08/2019 | 2 | 06/08/2019 | Reference material | 15/10/2004 | ||||
| Dewey Decimal Classification | London | London | RICS Boxes | 19/01/2001 | 26 | RICS 2000/16 | 30063279 | 06/08/2019 | 3 | 06/08/2019 | Book | 14/11/2007 | ||||
| Dewey Decimal Classification | London | London | RICS Boxes | 08/03/2000 | 6 | RICS 2000/16 | 30069430 | 06/08/2019 | 4 | 06/08/2019 | Book | 21/05/2008 |